000 00302nam a22001337a 4500
008 181105b xxu||||| |||| 00| 0 eng d
020 _a9780878936137
041 _aeng
080 _a611
100 _a6
101 _aANA
245 _aNeuroAnatomy Through Clinical Cases
_cHal.B
942 _2udc
_cBK
999 _c51854
_d51854